Sports Quiz

Random Sports Quiz

Manchester United goalkeepers Quiz Stats

Quiz not verified by Sporcle

Challenge
Share
Tweet
Score 0/35 Timer 17:00
0 Plays Today
% Correct
Peter Schmeichel
94.5%
Edwin Van Der sar
88.1%
David De Gea
86.2%
Fabien Barthez
85.3%
Anders Lindegaard
75.2%
Tim Howard
75.2%
Sergio Romero
70.6%
Massimo Taibi
66.1%
Raimond Van Der Gouw
63.3%
Mark Bosnich
60.6%
Tomasz Kuszczak
60.6%
Ben Foster
57.8%
Andy Goram
56.9%
Alex Stepney
56%
Lopez Felipe Ricardo
56%
Jim Leighton
50.5%
Les Sealey
48.6%
Ben Amos
45.9%
% Correct
Roy Carroll
43.1%
Gary Bailey
42.2%
Kevin Pilkington
39.4%
Gary Walsh
39.4%
Harry Gregg
35.8%
Sam Johnstone
35.8%
Nick Culkin
29.4%
Paul Rachubka
26.6%
Jimmy Rimmer
21.1%
Luke Steele
18.3%
Paddy Roche
16.5%
Victor Valdes
15.6%
Tom Heaton
12.8%
Ron-Robert Zieler
10.1%
Pat Dunne
9.4%
Tony Coton
7.4%
Fraser Digby
1.9%

You're not logged in!

Compare scores with friends on all Sporcle quizzes.
Join for Free
OR
Log In

Show Comments

Extras

Top Quizzes Today


Score Distribution

Your Account Isn't Verified!

In order to create a playlist on Sporcle, you need to verify the email address you used during registration. Go to your Sporcle Settings to finish the process.

Report this User

Report this user for behavior that violates our Community Guidelines.

Details: